[Event "3 for a win 1 for a draw"]
[Site "SchemingMind.com"]
[Date "2017.08.10"]
[Round "-"]
[White "Wojtek26"]
[Black "Chessibelle"]
[Result "1-0"]
[WhiteCountry "POL"]
[BlackCountry "ENG"]
[WhiteElo "1558"]
[WhiteRD "47"]
[BlackElo "1174"]
[BlackRD "62"]
[GameID "417191"]

1. d4 d5 2. g3 e6 3. Bg2 Nf6 4. Nd2 Nc6 5. e3 e5 6. c4 Be7 7. c5 O-O 8. a3 Be6 9. Ne2 h6 10. O-O Ng4
11. b4 Bg5 12. Nf3 Bf5 13. Nxg5 Qxg5 14. f4 Qh5 15. h3 Nf6 16. Nc3 Ne7 17. dxe5 Ng4 18. Bf3 Qxh3 19. Bxg4 Qxg3+ 20. Kh1 Bxg4
21. Qc2 Nf5 22. Qf2 Qh3+ 23. Kg1 Qh5 24. Nxd5 f6 25. exf6 gxf6 26. Bb2 Qg6 27. Qg2 h5 28. e4 Ng7 29. Ne7+ Kf7 30. Nxg6 Kxg6
31. Qc2 Rae8 32. Rae1 Kh7 33. e5+ Nf5 34. exf6 Kh6 35. Rxe8 Rxe8 36. Qb3 Bh3 37. Qxh3 Rg8+ 38. Kf2 b6 39. Qxf5 Rd8 40. f7 Rd2+
41. Ke3 Rxb2 42. Qg5+ Kh7 43. Qg8+ Kh6 44. f8=Q#
1-0